Science TV Shows Quiz Stats

 Plays Quiz Updated Aug 28, 2018

Score 0/15 Timer 04:00
0 Plays Today
% Correct
Bill Nye the Science Guy
91.8%
Mythbusters
89.6%
The Magic School Bus
88.8%
How It's Made
86.3%
Life After People
82.8%
Blue Planet
82.2%
Cosmos: A Personal Voyage
81.7%
Planet Earth
80.3%
% Correct
Brain Games
77.5%
Modern Marvels
77.3%
Watch Mr. Wizard
76.3%
Outrageous Acts of Science|You Have Been Warned
73.8%
Connections
68.4%
Nova
67.6%
The Planets
65.7%

You're not logged in!

Compare scores with friends on all Sporcle quizzes.
OR
Log In

Sporcle TV

Today on Sporcle TV


Watch our educational content, quiz creation guides, and fun videos on Sporcle TV.

Show Comments

Extras

Top Quizzes Today


Score Distribution

Your Account Isn't Verified!

In order to create a playlist on Sporcle, you need to verify the email address you used during registration. Go to your Sporcle Settings to finish the process.

Report this User

Report this user for behavior that violates our Community Guidelines.

Details: